| 000 | 00749nam a2200277Ia 4500 | ||
|---|---|---|---|
| 005 | 20250425160640.0 | ||
| 008 | 250425s9999 xx 000 0 und d | ||
| 020 | _a9687270691 | ||
| 041 | _aspa | ||
| 082 | _a620.103 | ||
| 100 | _aMCGILL, DAVID J. | ||
| 245 | 0 | _aMECANICA PARA INGENIERIA Y SUS APLICACIONES: ESTATICA | |
| 250 | _a1A ED. | ||
| 260 | _aMEXICO | ||
| 260 |
_aMéxico _bGRUPO EDITORIAL IBEROAMERICA _c1991 |
||
| 300 | _a600 | ||
| 500 | _aTítulo Traducido: ENGINEERING MECHANICS - STATICS | ||
| 650 | _aESTATICA | ||
| 650 | _aFRICCION (MECANICA) | ||
| 650 | _aFUERZAS (MECANICA) | ||
| 650 | _aINERCIA | ||
| 700 |
_aJOSE GARCIA GONZALES _etraductor |
||
| 700 | _aKING, WILTON W. | ||
| 942 | _c01 | ||
| 010 | _a1238 | ||
| 999 |
_c193352 _d193352 |
||